000 00538nam a2200193Ia 4500
005 20250508165938.0
008 008 250505s9999 xx 000 0 eng d
037 _aDissertations
040 _aFEDL
_beng
_cFEDL
041 _aeng
_2eng
084 _a574, DIK/DI
_qFEDL
100 _aDiksha
245 0 _aEngagement of senior secondary school girls with biology
260 _c2018
300 _av, 50p.
546 _aM.Ed. Dissertation, (Delhi University)
942 _cDIS
_h574, DIK/DI
999 _c1398344
_d1398344